000 00591nam a2200169Ia 4500
008 090711s9999 xx 000 0 und d
082 _b735
100 _aराहुडकर वा. ब.
245 _aतणे व तण नियंत्रण
260 _bकॉन्टीनेन्टल प्रकाशन
_c2000
300 _a290
600 _aराहुडकर वा. ब.
630 _aतणे व तण नियंत्रण
700 _aराहुडकर वा. ब.
730 _aतणे व तण नियंत्रण
942 _cBOOK
999 _c337735
_d337735